000 00277nam a22001217a 4500
008 170818b xxu||||| |||| 00| 0 eng d
041 _aeng
080 _a51
100 _a37
101 _aMAT
245 _aMASTERING THE COMPAS EXAM ALGEBRA
_cYAMISH.J
942 _2udc
_cBK
999 _c24085
_d24085